000 00773cam a22002651a 4500
001 4479
003 BD-RjUL
005 20211208233911.0
008 131222s1965 enk 001 0 eng
035 _a(BD-RjUL)4514
035 _a(OCoLC)4658909
040 _aDLC
_cNAlU
_dMoSU-L
_dUk
_dDLC
_dBD-RjUL
_beng
041 _aeng
082 0 0 _a346.4207
_bSME 1965
100 1 _aSmith, Kenneth,
_d1910-1966.
_914159
245 1 0 _aEssentials of mercantile law /
_cby Kenneth Smith and Denis J. Keenan.
260 _aLondon :
_bPitman,
_cc1965.
300 _aix, 480 p. ;
_c23 cm.
504 _aIncludes indexes.
650 0 _aCommercial law
_zGreat Britain.
_913788
700 1 _aKeenan, Denis J.
_914160
942 _2ddc
_cBK
999 _c4479
_d4479